[Event "Krasnodar"]
[Site "Krasnodar"]
[Date "1980.??.??"]
[Round "?"]
[White "Yermolinsky, Alex"]
[Black "Bagirov, Vladimir"]
[Result "1-0"]
[WhiteElo "2450"]
[BlackElo "2560"]

1.e4 Nf6 2.e5 Nd5 3.Nc3 Nxc3 4.bxc3 d5 5.Ba3 b6 6.d4 c5 7.f4 e6 8.Nf3 Qd7
9.Bd3 Ba6 10.O-O Be7 11.Bc1 Bxd3 12.cxd3 Nc6 13.dxc5 Bxc5+ 14.Kh1 O-O 15.Qe2 Rac8
16.Bd2 Ba3 17.Rab1 Rfe8 18.Rb3 Bf8 19.a4 Na5 20.Rb5 Nb7 21.Ra1 Rb8 22.Nd4 Bc5
23.Nc2 Rec8 24.Qf3 Na5 25.h3 Nc6 26.Rbb1 Be7 27.Rb5 f6 28.exf6 Bxf6 29.d4 a6
30.Rb2 Na5 31.Ne3 Nc4 32.Nxc4 Rxc4 33.Rab1 Qc6 34.f5 Rxa4 35.Bf4 Rb7 36.Re2 exf5
37.Rbe1 Rf7 38.Qh5 Rf8 39.Re8 g6 40.Rxf8+ Kxf8 41.Qxh7 Bg7 42.Bh6 Bxh6 43.Qxh6+ Kg8
44.h4  1-0

[Event "Ckhaltubo"]
[Site "Ckhaltubo"]
[Date "1981.??.??"]
[Round "?"]
[White "Gurgenidze, Bukhuti"]
[Black "Yermolinsky, Alex"]
[Result "1-0"]
[WhiteElo "2490"]
[BlackElo "2455"]

1.e4 Nf6 2.e5 Nd5 3.d4 d6 4.Nf3 g6 5.Bc4 Nb6 6.Bb3 Bg7 7.Bf4 O-O 8.Qe2 a5
9.a4 Nc6 10.Nbd2 dxe5 11.Bxe5 Nxe5 12.dxe5 e6 13.h4 Bd7 14.h5 Bc6 15.hxg6 hxg6
16.Qe3 Qe7 17.Ng5 Rfd8 18.f4 Nd5 19.Bxd5 Rxd5 20.Rh7 Qc5 21.Qh3 Rxe5+ 22.fxe5 Qxe5+
23.Nde4 Be8 24.Rxg7+ Kxg7 25.O-O-O  1-0

[Event "URS-FL49"]
[Site "Volgodonsk"]
[Date "1981.??.??"]
[Round "5"]
[White "Gulko, Boris F"]
[Black "Yermolinsky, Alex"]
[Result "1/2-1/2"]
[WhiteElo "2565"]
[BlackElo "2450"]

1.d4 Nf6 2.c4 g6 3.Nc3 d5 4.Nf3 Bg7 5.Qb3 dxc4 6.Qxc4 O-O 7.e4 a6 8.Be2 b5
9.Qb3 c5 10.dxc5 Bb7 11.O-O Nxe4 12.Nxe4 Bxe4 13.Rd1 Qc7 14.Be3 Nc6 15.a4 Rab8
16.axb5 axb5 17.Ra6 e6 18.Rb6 b4 19.Ng5 Bd5 20.Rxd5 exd5 21.Qxd5 Nd4 22.Bxd4 Rbd8
23.Rd6 Rxd6 24.cxd6 Qc1+ 25.Bf1 Bxd4 26.d7 Qf4 27.Ne4 Bf6 28.g3  1/2-1/2

[Event "URS-FL49"]
[Site "Volgodonsk"]
[Date "1981.??.??"]
[Round "6"]
[White "Yermolinsky, Alex"]
[Black "Anikaev, Yuri N"]
[Result "1/2-1/2"]
[WhiteElo "2450"]
[BlackElo "2425"]

1.c4 Nf6 2.Nc3 e6 3.Nf3 d5 4.d4 c6 5.cxd5 exd5 6.Bg5 Be7 7.Qc2 g6 8.e3 Bf5
9.Bd3 Bxd3 10.Qxd3 O-O 11.Bxf6 Bxf6 12.O-O Be7 13.Rab1 a5 14.Rfd1 Nd7 15.e4 dxe4
16.Nxe4 Nf6 17.Nxf6+ Bxf6 18.d5 cxd5 19.Qxd5 Qxd5 20.Rxd5 Rfd8  1/2-1/2

[Event "URS-FL49"]
[Site "Volgodonsk"]
[Date "1981.??.??"]
[Round "8"]
[White "Yermolinsky, Alex"]
[Black "Chernin, Alexander"]
[Result "1/2-1/2"]
[WhiteElo "2450"]
[BlackElo "2455"]

1.c4 e5 2.Nc3 Nc6 3.g3 g6 4.Bg2 Bg7 5.e3 d6 6.Nge2 Nge7 7.O-O O-O 8.d3 Be6
9.Nd5 Qd7 10.Rb1 Rab8 11.Nec3 a6 12.b3 f5 13.Nxe7+ Nxe7 14.Nd5 c6 15.Nxe7+ Qxe7
16.d4 e4 17.Bb2 c5 18.dxc5 dxc5 19.Bxg7 Kxg7  1/2-1/2

[Event "URS-FL49"]
[Site "Volgodonsk"]
[Date "1981.??.??"]
[Round "12"]
[White "Yermolinsky, Alex"]
[Black "Vladimirov, Evgeny"]
[Result "1/2-1/2"]
[WhiteElo "2450"]
[BlackElo "2460"]

1.Nf3 Nf6 2.c4 b6 3.g3 Bb7 4.Bg2 e6 5.O-O Be7 6.d4 O-O 7.Nc3 Ne4 8.Nxe4 Bxe4
9.Nh4 Bxg2 10.Nxg2 d5 11.Qa4 dxc4 12.Qxc4 c5 13.Be3 cxd4 14.Bxd4 Qc8 15.Rac1 Na6
16.Qb5 Qb7 17.Rfd1 Rfd8 18.Nf4 Nc5 19.Bxc5 Bxc5 20.Rxd8+ Rxd8 21.Nd3 Bd6
22.Ne5 Bxe5 23.Qxe5 h6  1/2-1/2

[Event "URS-FL49"]
[Site "Volgodonsk"]
[Date "1981.??.??"]
[Round "14"]
[White "Yermolinsky, Alex"]
[Black "Gurgenidze, Bukhuti"]
[Result "1/2-1/2"]
[WhiteElo "2450"]
[BlackElo "2490"]

1.Nf3 g6 2.c4 Bg7 3.d4 d6 4.Nc3 Bg4 5.g3 c6 6.Bg2 Qb6 7.e3 Nf6 8.O-O O-O
9.h3 Bxf3 10.Qxf3 Nbd7 11.Rd1 Qb4 12.Qe2 Nb6 13.Bf1 Na4 14.Bd2 Nxc3 15.Bxc3 Qb6
16.e4 Nd7 17.e5 dxe5 18.dxe5 Nc5 19.b3 Rfd8 20.h4 Ne6 21.Qe4 Rxd1 22.Rxd1 Rd8
23.Rxd8+ Qxd8 24.b4 Qd1 25.b5 Qc1 26.Qd3 Qa3 27.bxc6 bxc6 28.Qc2 Qc5 29.Qb2 Qb6
30.Qxb6 axb6 31.Bg2 c5 32.f4 Kf8 33.Kf2 f6 34.Bd5 Nc7 35.Kf3 fxe5 36.fxe5 b5
37.Ke4 b4 38.Bd2 e6 39.Bb7 Kf7 40.Bf4 Bf8 41.Bg5 h5 42.Kf4 Ne8 43.Be4 Bg7
44.Bc2 Bf8 45.Bd8 Bh6+ 46.Bg5 Bf8 47.Be4 Bg7 48.Bb7 Bf8 49.Bc8 Bg7 50.Ke4 Bf8
51.Kd3 Bg7 52.Bf4 Bf8 53.Ke4 Be7 54.Bh6 Nc7 55.Bd7 Na8 56.Bc6 Nb6 57.Bb5 Bf8
58.Be3 Na8 59.Kd3 Be7 60.Kc2 Nb6 61.Kb3 Kf8 62.Bc6 Kf7 63.Bb5 Kf8 64.Bh6+ Kf7
65.Bd2 Bd8 66.Be3 Be7 67.Bc1 Kf8 68.Bd2 Kf7 69.a4 bxa3 70.Kxa3 Bd8 71.Be3 Be7
72.Kb3 Bf8 73.Bc6 Be7 74.Bd2 Bd8 75.Ba5 Ke7 76.Be4 Kf7 77.Kc2 Bc7 78.Kd3 Kg7
79.Ke2 Kf7 80.Kf3 Kg7 81.Bc6 Kf7 82.Ke4 Bd8 83.Bb5 Bc7 84.Bd2 Bd8 85.Bh6 Nc8
86.Be3 Bb6 87.Bg5  1/2-1/2

[Event "URS-ch U26"]
[Site "Jurmala"]
[Date "1983.??.??"]
[Round "?"]
[White "Chernin, Alexander"]
[Black "Yermolinsky, Alex"]
[Result "1/2-1/2"]
[WhiteElo "2455"]
[BlackElo "2460"]

1.c4 g6 2.Nc3 Bg7 3.g3 Nf6 4.Bg2 O-O 5.d3 c5 6.e4 Nc6 7.Nge2 d6 8.O-O Rb8
9.Rb1 a6 10.a4 b6 11.h3 Ne8 12.Be3 Nc7 13.d4 Bd7 14.b3 cxd4 15.Nxd4 Nxd4
16.Bxd4 Bxd4 17.Qxd4 b5 18.axb5 axb5 19.cxb5 Nxb5 20.Nxb5 Bxb5 21.Rfc1 Qb6
22.Qxb6 Rxb6 23.Rc7 Bd3 24.Rd1 Rxb3 25.Rxe7 Rb1 26.Rxb1 Bxb1 27.Rd7 Re8 28.f3 Re6
29.Kf2 f5 30.Rd8+ Kg7 31.exf5 Bxf5 32.g4 Bd3 33.Rd7+ Kh8 34.g5 h6 35.h4 hxg5
36.hxg5 Bc4 37.Bh3  1/2-1/2

[Event "URS-ch U26"]
[Site "Jurmala"]
[Date "1983.??.??"]
[Round "?"]
[White "Kharitonov, Andrei Y"]
[Black "Yermolinsky, Alex"]
[Result "1/2-1/2"]
[WhiteElo "2440"]
[BlackElo "2460"]

1.d4 Nf6 2.c4 g6 3.Nc3 d5 4.cxd5 Nxd5 5.e4 Nxc3 6.bxc3 Bg7 7.Bc4 c5 8.Ne2 cxd4
9.cxd4 Nc6 10.Be3 b5 11.Bxb5 Qa5+ 12.Nc3 Qxc3+ 13.Bd2 Qxd4 14.Bxc6+ Bd7 15.Bxa8 Qxa1
16.Qxa1 Bxa1 17.O-O O-O 18.Rxa1 Rxa8 19.Rc1 Rc8 20.Rxc8+ Bxc8  1/2-1/2

[Event "URS-ch U26"]
[Site "Jurmala"]
[Date "1983.??.??"]
[Round "?"]
[White "Andrianov, Nikolai"]
[Black "Yermolinsky, Alex"]
[Result "1/2-1/2"]
[WhiteElo "2400"]
[BlackElo "2420"]

1.d4 Nf6 2.Nf3 g6 3.Bf4 Bg7 4.e3 O-O 5.Be2 c5 6.O-O b6 7.c4 Bb7 8.Nc3 cxd4
9.exd4 d5 10.Ne5 Nc6 11.Bf3 e6 12.Rc1 Rc8 13.Nb5 Ba6 14.a4 Bxb5 15.axb5 Nxe5
16.dxe5 Nd7 17.cxd5 Nxe5 18.Bxe5 Rxc1 19.Qxc1 Bxe5 20.dxe6 fxe6 21.Rd1 Qf6
22.b3 Kg7 23.Rd7+ Rf7 24.Rxf7+ Qxf7 25.Qe3 Qf4  1/2-1/2

[Event "URS-ch U26"]
[Site "Jurmala"]
[Date "1983.??.??"]
[Round "?"]
[White "Yermolinsky, Alex"]
[Black "Azmaiparashvili, Zurab"]
[Result "1/2-1/2"]
[WhiteElo "2460"]
[BlackElo "2455"]

1.d4 d5 2.c4 e6 3.Nf3 Nf6 4.Bg5 Be7 5.Nc3 Nbd7 6.e3 h6 7.Bf4 O-O 8.cxd5 Nxd5
9.Nxd5 exd5 10.a3 Nf6 11.Bd3 c6 12.Ne5 a5 13.Rc1 Be6 14.O-O Nd7 15.Bb1 Nxe5
16.Bxe5 Bd6 17.Qc2 g6 18.Bg3 Bf5 19.Qc3 Bxb1 20.Rxb1 Bxg3 21.hxg3 Qd6 22.Rfc1 a4
23.Qc5 Qxc5  1/2-1/2

[Event "URS-ch U26"]
[Site "Jurmala"]
[Date "1983.??.??"]
[Round "?"]
[White "Yermolinsky, Alex"]
[Black "Majorovas, Vitalijus"]
[Result "1/2-1/2"]
[WhiteElo "2420"]
[BlackElo "2420"]

1.d4 Nf6 2.c4 g6 3.Nc3 Bg7 4.e4 d6 5.Be2 O-O 6.Bg5 h6 7.Be3 e5 8.d5 Na6 9.Qd2 Nc5
10.f3 a5 11.h4 h5 12.Nh3 Nh7 13.Nf2 f5 14.g4 f4 15.Bxc5 dxc5 16.g5 Rf7 17.Nd3 b6
18.Kf2 Qe8 19.Bf1 Bf8 20.Bh3 Bxh3 21.Rxh3 Bd6 22.Rhh1 Nf8 23.a3 Nd7 24.Nb5 Qe7
25.b4 axb4 26.axb4 Rff8 27.Na7 cxb4 28.Nc6 Bc5+ 29.Ke2 Qd6 30.Ndxb4 Be3 31.Qc2 Nc5
32.Nd3 Nxd3 33.Qxd3 Qc5 34.Rhb1 Bf2 35.Rb5 Rxa1 36.Rxc5 Ra2+ 37.Kd1 bxc5
38.d6 Bd4 39.dxc7 Ra1+ 40.Ke2 Ra2+ 41.Qd2 Rxd2+ 42.Kxd2 Kf7 43.Nd8+ Ke7 44.c8=Q Rxd8
45.Qc7+ Rd7 46.Qa5 Rd6 47.Kc2 Rd8 48.Kb3 Rd6 49.Ka4 Re6 50.Kb5 Be3 51.Qa8 Bd4  1/2-1/2

[Event "URS-ch U26"]
[Site "Jurmala"]
[Date "1983.??.??"]
[Round "?"]
[White "Yermolinsky, Alex"]
[Black "Novikov, Igor A"]
[Result "0-1"]
[WhiteElo "2420"]
[BlackElo "2385"]

1.Nf3 Nf6 2.c4 e6 3.Nc3 d5 4.d4 c6 5.Bg5 h6 6.Bxf6 Qxf6 7.a3 dxc4 8.Ne5 c5
9.Qa4+ Nd7 10.e3 cxd4 11.exd4 Qd8 12.Bxc4 Bd6 13.Bb5 Ke7 14.Rd1 Qc7 15.f4 Nf6
16.Rc1 Qb6 17.Nc4 Qc7 18.O-O Rd8 19.Ne5 Qb6 20.Kh1 a6 21.b4 Qxd4 22.Qa5 Bd7
23.Bxd7 Nxd7 24.Nxd7 Rxd7 25.Qh5 Kf8 26.f5 exf5 27.Rxf5 Kg8 28.Nd5 Re8 29.h3 Re5
30.Qf3 Qe4 31.Qxe4 Rxe4 32.g4 Rd4 33.Kg2 Rd2+ 34.Rf2 Rxd5  0-1

[Event "URS-ch U26"]
[Site "Jurmala"]
[Date "1983.??.??"]
[Round "?"]
[White "Yermolinsky, Alex"]
[Black "Shneider, Aleksandr"]
[Result "0-1"]
[WhiteElo "2420"]
[BlackElo "2460"]

1.Nf3 Nf6 2.g3 e6 3.Bg2 d5 4.O-O Be7 5.d3 c5 6.Nbd2 Nc6 7.e4 b6 8.Re1 Bb7
9.a3 b5 10.Qe2 Qb6 11.c3 O-O 12.e5 Nd7 13.h4 b4 14.c4 Na5 15.h5 h6 16.b3 dxc4
17.bxc4 Nc6 18.axb4 Nxb4 19.Rb1 a5 20.Ne4 Qc7 21.Bf4 Rad8 22.Nf6+ gxf6 23.exf6 Bd6
24.Bxh6 Nxf6 25.Qd2 Nh7 26.Qc3 f6 27.Bxf8 Bxf8 28.d4 Qb6 29.Rbd1 cxd4 30.Nxd4 Bxg2
31.Kxg2 e5 32.Nf5 Ng5 33.Rxd8 Qxd8 34.Nh4 Qd7 35.c5 Qd5+ 36.Kh2 Bxc5 37.Rc1 Ne6
38.Nf5 a4 39.Ne3 Qf3 40.Qd2 Qb7 41.Qd1 Bxe3 42.fxe3 Nd5 43.Qxa4 Nxe3 44.Qa2 Kg7
45.Rc3 Ng4+ 46.Kg1  0-1

[Event "White Knights"]
[Site "Leningrad"]
[Date "1984.??.??"]
[Round "?"]
[White "Pytel, Krzysztof"]
[Black "Yermolinsky, Alex"]
[Result "1-0"]
[WhiteElo "2410"]
[BlackElo "2420"]

1.e4 c5 2.Nf3 d6 3.d4 cxd4 4.Nxd4 Nf6 5.Nc3 Nc6 6.Bg5 e6 7.Qd2 a6 8.O-O-O Bd7
9.f4 b5 10.Bxf6 gxf6 11.Nxc6 Bxc6 12.Qe3 Qe7 13.Bd3 Qa7 14.Qe1 O-O-O 15.Kb1 h5
16.Rf1 Rg8 17.g3 Qb7 18.Qe2 h4 19.gxh4 Kb8 20.a3 Bh6 21.f5 e5 22.a4 bxa4
23.Bxa6 Qb6 24.Nd5 Bxd5 25.Rxd5 Ka7 26.Bc4 Rc8 27.Rb5 Qe3 28.Ra5+ Kb6 29.Qxe3+ Bxe3
30.Rxa4 Rg4 31.Bd5 Rc5 32.Ra8 Rg2 33.Rf3 Re2 34.Ra3 Bd4 35.c3 Bf2 36.c4 Rc8
37.Rfb3+ Kc7 38.Rb7+ Kd8 39.Ra6 Bc5 40.b4 Bd4 41.Rxd6+ Ke8 42.Bxf7+ Kf8 43.Bd5  1-0

[Event "White Knights"]
[Site "Leningrad"]
[Date "1984.??.??"]
[Round "?"]
[White "Yermolinsky, Alex"]
[Black "Rivas Pastor, Manuel"]
[Result "1-0"]
[WhiteElo "2420"]
[BlackElo "2500"]

1.Nf3 d5 2.d4 Nf6 3.c4 c6 4.Nc3 e6 5.Bg5 dxc4 6.e4 b5 7.a4 Bb4 8.e5 h6 9.exf6 hxg5
10.fxg7 Rg8 11.h4 gxh4 12.Rxh4 Qf6 13.g3 Nd7 14.Bg2 Bb7 15.Kf1 Bxc3 16.bxc3 a6
17.Ne5 Nxe5 18.dxe5 Qxe5 19.axb5 axb5 20.Rxa8+ Bxa8 21.Qa1 Qb8 22.Rh8 Kd7
23.Rxg8 Qxg8 24.Qa7+ Kd6 25.Qa3+ b4 26.Qxb4+ c5 27.Qb6+ Ke5 28.Qxc5+ Kf6
29.Qd4+ e5 30.Qh4+  1-0

[Event "White Knights"]
[Site "Leningrad"]
[Date "1984.??.??"]
[Round "?"]
[White "Hjartarson, Johann"]
[Black "Yermolinsky, Alex"]
[Result "0-1"]
[WhiteElo "2415"]
[BlackElo "2420"]

1.c4 g6 2.d4 Nf6 3.Nf3 Bg7 4.g3 O-O 5.Bg2 d5 6.O-O dxc4 7.Na3 c3 8.bxc3 c5
9.Nc4 Nc6 10.Nfe5 Nd5 11.Nxc6 bxc6 12.Bb2 Rb8 13.Qd2 Ba6 14.Ne5 Qb6 15.Ba3 Bxe5
16.Bxc5 Qa5 17.Bxd5 cxd5 18.Bb4 Qc7 19.dxe5 Qxe5 20.Rfe1 Rfc8 21.Rad1 Bc4
22.h4 f6 23.a3 Qc7 24.Qf4 Qxf4 25.gxf4 Rb7 26.a4 Bb3 27.Rd2 Rc4 28.e3 e5
29.Rxd5 exf4 30.Rb5 Rxb5 31.axb5 f3 32.e4 Ba4 33.Kh2 Bxb5 34.Kg3 Bc6 35.Kxf3 f5
36.Kf4 Bxe4 37.Ke5 a5 38.Bd6 Kf7 39.Ra1 Bc6 40.Bc7 a4 41.h5 gxh5 42.Bd6 Kg6
43.Rg1+ Rg4 44.Re1 h4 45.Re3 h3 46.Ke6 Re4+  0-1

[Event "URS-ch U20"]
[Site "Vilnius"]
[Date "1984.??.??"]
[Round "1"]
[White "Sokolov, Andrei"]
[Black "Yermolinsky, Alex"]
[Result "1/2-1/2"]
[WhiteElo "2495"]
[BlackElo "2420"]

1.e4 e5 2.Nf3 Nc6 3.Bb5 a6 4.Ba4 Nf6 5.O-O Be7 6.Re1 b5 7.Bb3 O-O 8.c3 d5
9.exd5 Nxd5 10.Nxe5 Nxe5 11.Rxe5 Bb7 12.Qf3 Bd6 13.Bxd5 c6 14.Re1 cxd5 15.d4 Qc7
16.g3 Rae8 17.Rxe8 Rxe8 18.Be3 b4 19.cxb4 Qc2 20.Nd2 Bxb4 21.Qd1 Rc8 22.Nf3 f6
23.a3 Bd6 24.Rc1 Qxd1+ 25.Rxd1 a5 26.Rc1 Kf7 27.Rxc8 Bxc8 28.Nd2 g5 29.f3 Ba6
30.Nb1 Ke6 31.Kf2 h5 32.Bd2 Bd3 33.Nc3 h4 34.f4 Be7 35.g4 Bc4 36.Ne2 a4 37.Ng1 f5
38.gxf5+ Kxf5 39.fxg5 Bxg5 40.Bxg5 Kxg5 41.Kf3 Bf1 42.Kf2 Bc4 43.Nf3+ Kg4
44.Ke3 Bb3 45.Ng1  1/2-1/2

[Event "URS-ch U20"]
[Site "Vilnius"]
[Date "1984.??.??"]
[Round "7"]
[White "Korzubov, Peter"]
[Black "Yermolinsky, Alex"]
[Result "1/2-1/2"]
[WhiteElo "2470"]
[BlackElo "2420"]

1.e4 c5 2.Nf3 d6 3.d4 cxd4 4.Nxd4 Nf6 5.Nc3 Nc6 6.f4 e5 7.Nb3 Be7 8.Be2 O-O
9.O-O exf4 10.Bxf4 Be6 11.Bd3 Ng4 12.Qd2 Bf6 13.Rad1 a5 14.Kh1 a4 15.Nc1 Be5
16.Be2 Qb6 17.Nd3 Bxf4 18.Rxf4 Ne3 19.Re1 Nc4 20.Qc1 N6e5 21.b3 axb3 22.axb3 Nxd3
23.Bxd3 Ne5 24.Bf1 Rfc8 25.Nd5 Bxd5 26.exd5 Ra2 27.Bc4 h6 28.Qd2 Rca8 29.Rff1 Qc5
30.Qf4 Rf8 31.Qe4 Nxc4 32.bxc4 b5  1/2-1/2

[Event "URS-ch U20"]
[Site "Vilnius"]
[Date "1984.??.??"]
[Round "8"]
[White "Yermolinsky, Alex"]
[Black "Azmaiparashvili, Zurab"]
[Result "1/2-1/2"]
[WhiteElo "2420"]
[BlackElo "2460"]

1.e4 d6 2.d4 g6 3.Nf3 Bg7 4.Be2 Nf6 5.Nc3 O-O 6.O-O Bg4 7.a4 Nc6 8.d5 Bxf3
9.Bxf3 Ne5 10.Be2 a5 11.Ra3 Ned7 12.Be3 c6 13.Qd2 Qc7 14.Bh6 Bxh6 15.Qxh6 Nc5
16.Qe3 Qb6 17.Rb3 Qa7 18.Ra3 Nfd7 19.Raa1 Qb6 20.b3 Na6 21.Qxb6 Nxb6 22.Bxa6 Rxa6
23.Rad1 Rc8 24.Rd2 Nd7 25.Re1 Nf6 26.Ree2 cxd5 27.Nxd5 Nxd5 28.exd5 Kf8 29.g3 Rc3
30.Re4  1/2-1/2

[Event "URS-ch U20"]
[Site "Vilnius"]
[Date "1984.??.??"]
[Round "9"]
[White "Aseev, Konstantin N"]
[Black "Yermolinsky, Alex"]
[Result "1/2-1/2"]
[WhiteElo "2390"]
[BlackElo "2420"]

1.e4 c5 2.Nf3 d6 3.d4 cxd4 4.Nxd4 Nf6 5.Nc3 Nc6 6.Bg5 e6 7.Qd2 a6 8.O-O-O Bd7
9.f4 b5 10.Nxc6 Bxc6 11.Bd3 Be7 12.e5 dxe5 13.fxe5 Nd7 14.Bxe7 Qxe7 15.Be4 Bxe4
16.Nxe4 Nxe5 17.Qd4 f6 18.Nd6+ Kf8 19.Rhe1 h5 20.a4 h4 21.h3 Rh5 22.Kb1 Rd8
23.Qb6 bxa4 24.Qxa6 Rg5 25.Nc8 Qc7 26.Rxd8+ Qxd8 27.Qxe6 Rxg2 28.Re4 Qc7
29.c3 Rg1+ 30.Ka2 Qf7 31.Qxf7+ Kxf7 32.Rxh4 Rh1  1/2-1/2

[Event "URS-ch U20"]
[Site "Vilnius"]
[Date "1984.??.??"]
[Round "11"]
[White "Yermolinsky, Alex"]
[Black "Shneider, Aleksandr"]
[Result "1/2-1/2"]
[WhiteElo "2420"]
[BlackElo "2460"]

1.Nf3 Nf6 2.c4 e6 3.Nc3 Bb4 4.g3 b6 5.Bg2 Bb7 6.O-O Bxc3 7.bxc3 O-O 8.d3 d6
9.e4 Nbd7 10.Nh4 a6 11.a4 Bc6 12.Ra2 Qe8 13.Re1 Nc5 14.a5 b5 15.e5 dxe5 16.Ba3 Bxg2
17.Bxc5 Bb7 18.Bxf8 Kxf8 19.Rxe5 Qc6 20.f3 bxc4 21.d4 Nd5 22.Qa4 Qxa4 23.Rxa4 Nxc3
24.Rxc4 Nb5 25.Kf2 Bd5 26.Rb4 Na7 27.Re3 Nc6 28.Rb7 Nxd4 29.Rxc7 Rb8 30.Rec3 Rb2+
31.Ke3 Nb5 32.Rc8+ Ke7 33.Rd3 Kf6 34.Rxd5 exd5 35.Rc6+ Ke7 36.Rxa6 Nd6 37.f4 Rxh2
38.Ra7+ Ke6 39.Nf3 Nf5+ 40.Kd3 Ra2 41.Ng5+ Kd6 42.Nxf7+ Ke6 43.g4 Ra3+ 44.Kd2 Ne3
45.Ne5 d4  1/2-1/2

[Event "URS-ch U20"]
[Site "Vilnius"]
[Date "1984.??.??"]
[Round "12"]
[White "Sturua, Zurab"]
[Black "Yermolinsky, Alex"]
[Result "1/2-1/2"]
[WhiteElo "2450"]
[BlackElo "2420"]

1.d4 Nf6 2.Nf3 c5 3.d5 d6 4.Nc3 e6 5.e4 exd5 6.exd5 Be7 7.Bb5+ Bd7 8.a4 O-O
9.h3 Na6 10.O-O Nc7 11.Re1 Re8 12.Bf1 b6 13.Rb1 Bc8 14.b4 Bb7 15.Bc4 cxb4
16.Rxb4 Rc8 17.Bb2 Bf8 18.Rxe8 Ncxe8 19.Bb3 Rc5 20.Ng5 h6 21.Nge4 Ra5 22.Rb5 Rxb5
23.axb5  1/2-1/2

[Event "URS-ch U20"]
[Site "Vilnius"]
[Date "1984.??.??"]
[Round "15"]
[White "Yermolinsky, Alex"]
[Black "Majorovas, Vitalijus"]
[Result "1-0"]
[WhiteElo "2420"]
[BlackElo "2420"]

1.Nf3 Nf6 2.c4 e6 3.Nc3 d5 4.d4 Bb4 5.cxd5 exd5 6.Bg5 Nbd7 7.e3 c5 8.Bb5 Qb6
9.Bxd7+ Nxd7 10.O-O Bxc3 11.bxc3 c4 12.a4 O-O 13.a5 Qe6 14.Qc2 Re8 15.Rfb1 f6
16.Bf4 Qc6 17.Rb2 Nf8 18.h3 Be6 19.Qa4 Qxa4 20.Rxa4 Bd7 21.Rab4 Bc6 22.Nd2 Ne6
23.Bg3 Ng5 24.Bf4 Ne6 25.Bg3 Ng5 26.Nf1 Re6 27.f3 Rae8 28.Kf2 Nf7 29.Re2 g6
30.Bf4 R6e7 31.g4 Kg7 32.h4 Nd8 33.g5 Nf7 34.gxf6+ Kxf6 35.Nh2 h5 36.Rb1 Re6
37.Rg1 Bd7 38.Rb2 b5 39.axb6 Rxb6 40.Rxb6+ axb6 41.Ra1 Bf5 42.Nf1 Re6 43.Ra7 Re7
44.Ra6 Re6 45.Ra8 Ke7 46.Rb8 Nd6 47.e4 dxe4 48.d5 Rf6 49.Bg5 exf3 50.Nd2 Kf7
51.Bxf6 Kxf6 52.Nxf3 b5 53.Rb6 Ke7 54.Ke3 Bg4 55.Nd4 Bh3 56.Nxb5 Nf5+ 57.Kf4  1-0

[Event "URS-ch sf"]
[Site "Aktjubinsk"]
[Date "1985.??.??"]
[Round "?"]
[White "Tseshkovsky, Vitaly"]
[Black "Yermolinsky, Alex"]
[Result "1-0"]
[WhiteElo "2470"]
[BlackElo "2465"]

1.e4 c5 2.Nf3 d6 3.d4 cxd4 4.Nxd4 Nf6 5.Nc3 a6 6.Be3 Nc6 7.Be2 e5 8.Nf3 h6
9.Nd2 Nd4 10.Bc4 b5 11.Bd5 Nxd5 12.Nxd5 Bb7 13.Bxd4 exd4 14.Nb3 Bxd5 15.exd5 Qe7+
16.Kf1 Qe4 17.Qe2 Qxe2+ 18.Kxe2 Be7 19.a4 Kd7 20.axb5 axb5 21.Na5 Bf6 22.Kd3 h5
23.Nc6 h4 24.g4 hxg3 25.Rxa8 Rxa8 26.hxg3 Kc7 27.f4 Re8 28.g4 Re3+ 29.Kd2 Kd7
30.g5 Bd8 31.Rh8  1-0

[Event "URS-ch sf"]
[Site "Aktjubinsk"]
[Date "1985.??.??"]
[Round "?"]
[White "Vorotnikov, Vladislav V"]
[Black "Yermolinsky, Alex"]
[Result "1/2-1/2"]
[WhiteElo "2435"]
[BlackElo "2465"]

1.e4 c5 2.c3 d5 3.exd5 Qxd5 4.d4 Nf6 5.Nf3 Bg4 6.Be2 e6 7.Na3 Nc6 8.h3 Bh5
9.O-O Rc8 10.Nc2 cxd4 11.Ncxd4 Nxd4 12.Nxd4 Bxe2 13.Qxe2 Be7 14.Rd1 a6 15.Nf3 Qe4
16.Be3 Bc5 17.Nd2 Qc2 18.Qc4 b5 19.Qb3 Qf5 20.Bxc5 Qxc5 21.Nf3 O-O 22.a4 Rb8
23.axb5 axb5 24.Ra5 Qb6 25.Rda1 Nd5 26.Nd4 Nc7 27.Qb4 Rb7 28.Nb3 Nd5 29.Qc5 g6
30.Ra8 Qxc5 31.Nxc5 Rc7 32.Nd3 b4 33.cxb4 Rb7 34.R1a7 Rxa7 35.Rxa7 Rb8 36.Ra4 Nb6
37.Ra3 Nd5 38.Rb3 Rb6 39.Kf1 Kf8 40.Ke2 Ke7 41.f4 Kd6 42.g4 h6 43.h4 f6 44.Kf3 Rb5
45.Ke4 f5+ 46.gxf5 gxf5+ 47.Kd4 Rb8 48.b5 h5 49.b6 Rxb6 50.Rxb6+ Nxb6 51.b4 Nd5
52.b5 Nc7 53.Kc4 Nd5 54.Kd4 Nc7 55.b6 Nb5+ 56.Ke3 Kc6 57.Nc5 Kxb6 58.Nxe6 Nc7
59.Ng7 Nd5+ 60.Kf3 Nf6 61.Nxf5 Kc5 62.Ke3 Kd5 63.Kd3 Ke6 64.Ne3 Ne8 65.Ke4 Nd6+
66.Kd4 Nb5+ 67.Ke4 Nd6+ 68.Kf3 Kf6 69.Nd5+ Ke6  1/2-1/2

[Event "URS-ch sf"]
[Site "Aktjubinsk"]
[Date "1985.??.??"]
[Round "?"]
[White "Yermolinsky, Alex"]
[Black "Kharitonov, Andrei Y"]
[Result "1/2-1/2"]
[WhiteElo "2465"]
[BlackElo "2450"]

1.c4 e6 2.Nf3 Nf6 3.b3 Be7 4.Bb2 O-O 5.e3 b6 6.d4 Bb7 7.Bd3 c5 8.Nc3 cxd4
9.exd4 d5 10.O-O Nc6 11.Re1 Nb4 12.Bf1 Rc8 13.Rc1 Bd6 14.Ne5 Re8 15.g3 dxc4
16.bxc4 Bb8 17.a3 Nc6 18.Nxc6 Bxc6 19.d5 exd5 20.Rxe8+ Bxe8 21.Nxd5 Nxd5
22.cxd5 Rxc1 23.Qxc1 Bd6  1/2-1/2

[Event "URS-ch sf"]
[Site "Aktjubinsk"]
[Date "1985.??.??"]
[Round "?"]
[White "Yermolinsky, Alex"]
[Black "Seredenko, Vladimir"]
[Result "1-0"]
[WhiteElo "2465"]
[BlackElo "2200"]

1.d4 g6 2.Nf3 Bg7 3.e4 d6 4.Be2 Nf6 5.Nc3 O-O 6.O-O Bg4 7.a4 Nc6 8.d5 Nb8
9.a5 c5 10.h3 Bxf3 11.Bxf3 Na6 12.Re1 Nd7 13.Be2 Nc7 14.Ra2 Rb8 15.Bg5 Kh8
16.Qd2 Rg8 17.Kh1 Qf8 18.Be3 Be5 19.f4 Bf6 20.Rf1 Bg7 21.Ra4 Rd8 22.Raa1 f5
23.Bc4 Nf6 24.e5 Nh5 25.Ne2 e6 26.g4 exd5 27.Ba2 fxg4 28.hxg4 Qe7 29.Bf2 dxe5
30.gxh5 exf4 31.Nxf4 Qe4+ 32.Ng2 Qf3 33.Rae1 gxh5 34.Bxc5 Qh3+ 35.Kg1 Ne6
36.Qe3 Qxe3+ 37.Bxe3 Bxb2 38.Bxa7 Rg6 39.Kh1 Bc3 40.Rd1 Bxa5 41.Rxd5  1-0

[Event "URS-ch sf"]
[Site "Aktjubinsk"]
[Date "1985.??.??"]
[Round "?"]
[White "Yermolinsky, Alex"]
[Black "Sideif Sade, Fikret I"]
[Result "1/2-1/2"]
[WhiteElo "2465"]
[BlackElo "2340"]

1.d4 Nf6 2.Nf3 g6 3.Bg5 Bg7 4.Nbd2 d5 5.e3 O-O 6.Bd3 Nbd7 7.O-O Re8 8.c4 e5
9.cxd5 exd4 10.e4 c6 11.dxc6 bxc6 12.Rc1 h6 13.Bh4 c5 14.Re1 g5 15.Bg3 Nh5
16.Nc4 Nxg3 17.hxg3 Nb6 18.Na5 Be6 19.Bb5 Rf8 20.Nc6 Qc7 21.Ncxd4 Bxa2 22.Nf5 Be6
23.Nxg7 Kxg7 24.Qc2 a6 25.Be2 Rfc8 26.Ra1 c4 27.Ra5 Nd7 28.Qc3+ Kg8 29.Nxg5 hxg5
30.Rxg5+ Kf8 31.Rd1 Ke7 32.Bg4 Bxg4 33.Rxg4 Rab8 34.Rf4 Ne5 35.Rf5 f6 36.Rh5 Kf8
37.Qe3 Nf7 38.Qf3 Qe7 39.e5 Rb6 40.Rh7 Rd8 41.Rxd8+ Qxd8 42.Qf5 Ke7 43.Qg6 Qd5
44.g4 Qd1+ 45.Kh2 Qd5 46.g3 Rc6 47.Kg1 Qd1+ 48.Kg2 Qd5+ 49.Kg1 Qd1+ 50.Kh2 Qd5  1/2-1/2

[Event "Tashkent"]
[Site "Tashkent"]
[Date "1985.??.??"]
[Round "?"]
[White "Savon, Vladimir A"]
[Black "Yermolinsky, Alex"]
[Result "1/2-1/2"]
[WhiteElo "2445"]
[BlackElo "2465"]

1.c4 g6 2.d4 Nf6 3.g3 c5 4.Nf3 Bg7 5.Bg2 O-O 6.O-O cxd4 7.Nxd4 Nc6 8.Nc3 d6
9.Nxc6 bxc6 10.Bxc6 Rb8 11.Bg2 Qa5 12.Nb5 Bb7 13.Bxb7 Rxb7 14.Qd3 d5 15.Nc3 dxc4
16.Qxc4 h5 17.Rd1 Rb4 18.Qc6 h4 19.Nd5 Nxd5 20.Rxd5 Qb6 21.Qxb6 axb6 22.Rd3 Rc8
23.Rb1 Rc2 24.a3 Rbc4 25.Be3 Bxb2 26.Kf1 h3 27.Rb3 Bc1 28.Bxb6 Bxa3 29.Rd1 Bd6
30.f3 Ra4 31.Re3 Rb2 32.Bd4 Rxd4 33.Rxd4 Rb1+ 34.Kf2 Bc5 35.Rde4 Rh1 36.g4 g5
37.Re5  1/2-1/2

[Event "Tbilisi"]
[Site "Tbilisi"]
[Date "1985.??.??"]
[Round "?"]
[White "Huzman, Alexander"]
[Black "Yermolinsky, Alex"]
[Result "1-0"]
[WhiteElo "2390"]
[BlackElo "2465"]

1.d4 Nf6 2.Nf3 g6 3.c4 Bg7 4.Nc3 d5 5.Bg5 Ne4 6.Bh4 Nxc3 7.bxc3 dxc4 8.e3 Be6
9.Qb1 b6 10.Nd2 O-O 11.Be2 c5 12.Bf3 cxd4 13.cxd4 Nd7 14.Bxa8 Qxa8 15.O-O c3
16.Ne4 Bf5 17.f3 e5 18.Qd3 exd4 19.exd4 Rc8 20.Rac1 Qd5 21.Rfd1 Qxa2 22.Rxc3 Rxc3
23.Qxc3 Qa4 24.Qd3 b5 25.g4 Bxe4 26.fxe4 b4 27.Rc1 Nb6 28.Bf2 Qd7 29.h3 Na4
30.Qg3 Nc3 31.Qb8+ Bf8 32.d5 Qd6 33.Qxd6 Bxd6 34.Rc2 a5 35.Bd4 Nxe4 36.Rc8+ Bf8
37.Be5 b3 38.Rb8 f6 39.d6 Nc5 40.Bd4 Nd7 41.Rd8 Nb6 42.d7  1-0

[Event "Kaliningrad"]
[Site "Kaliningrad"]
[Date "1986.??.??"]
[Round "?"]
[White "Nenashev, Alexander"]
[Black "Yermolinsky, Alex"]
[Result "1-0"]
[WhiteElo "2405"]
[BlackElo "2445"]

1.d4 Nf6 2.c4 g6 3.Nc3 Bg7 4.e4 d6 5.Bd3 Nc6 6.Nge2 e5 7.d5 Nd4 8.Nxd4 exd4
9.Ne2 O-O 10.O-O Re8 11.f3 c5 12.Bg5 Qc7 13.Qd2 a6 14.Ng3 b5 15.b3 Rb8 16.Rae1 Qb6
17.Bh6 bxc4 18.Bxg7 Kxg7 19.Bxc4 Rb7 20.f4 Rbe7 21.f5 Re5 22.fxg6 fxg6 23.Rxf6 Kxf6
24.Qh6 Ke7 25.Qxh7+ Kd8 26.Qxg6 Kc7 27.Rf1 Qb4 28.h4 d3 29.Rd1 d2 30.Qh6 Qc3
31.Kh2 Bd7 32.Rxd2 Qc1 33.Bxa6 Rg8 34.Nf5 Bxf5 35.exf5 Rxg2+ 36.Kxg2 Re2+
37.Bxe2  1-0